| 000 | 00663cam a2200217 a 4500 | ||
|---|---|---|---|
| 001 | 000008657 | ||
| 005 | 20200929161359.0 | ||
| 008 | 820308s1980 mx c 000 0 spa | ||
| 010 | _a81126649 | ||
| 020 | _a9682701139 | ||
| 040 |
_aDO-SdBNP _cDLC _dDLC |
||
| 050 | 0 | 0 |
_aPQ7297.M36 _bR39 |
| 100 | 2 |
_aMejia Sanchez, Ernesto. _921268 |
|
| 245 | 1 | 0 |
_aRecoleccion a mediodia / _cErnesto Mejia Sanchez ; [dibujo de Alvaro Gutierrez]. |
| 250 | _a1a ed. en Biblioteca paralela. | ||
| 260 |
_aMexico, D.F. : _bJ. Mortiz, _c1980. |
||
| 300 |
_a254 p. : _bport. ; _c19 cm. |
||
| 490 | 0 | _aBiblioteca paralela | |
| 910 | _aCatalogación por copia / LC | ||
| 082 | 0 | 0 |
_a861 _219 |
| 999 |
_c8427 _d8427 |
||